Štruktúra medzinárodných distribučných kanálov
Distribučný dizajn medzinárodných distribučných kanálov. Úlohy distribučného kanála. Distribučné orgány. Vzťahy a moc medzi členmi medzinárodného distribučného kanála. Analýza štruktúry medzinárodného distribučného kanála. Charakter vzťahov medzi účastníkmi kanálu.
Guardado en:
| Autor principal: | |
|---|---|
| Otros Autores: | |
| Formato: | Capítulo de libro |
| Lenguaje: | eslovaco |
| Materias: | |
| Etiquetas: |
Sin Etiquetas, Sea el primero en etiquetar este registro!
|
MARC
| LEADER | 00000naa$a2200000$$$4500 | ||
|---|---|---|---|
| 001 | 0105235 | ||
| 005 | 20240502072147.0 | ||
| 041 | 0 | |a slo | |
| 044 | |a SK | ||
| 245 | 1 | 0 | |a Štruktúra medzinárodných distribučných kanálov |c Katarína Vlčková, Ferdinand Daňo |
| 520 | |a Distribučný dizajn medzinárodných distribučných kanálov. Úlohy distribučného kanála. Distribučné orgány. Vzťahy a moc medzi členmi medzinárodného distribučného kanála. Analýza štruktúry medzinárodného distribučného kanála. Charakter vzťahov medzi účastníkmi kanálu. | ||
| 610 | 2 | 0 | |a distribúcia |
| 610 | 2 | 0 | |a kanály distribučné |
| 610 | 2 | 0 | |a obchod medzinárodný |
| 610 | 2 | 0 | |a spolupráca medzinárodná |
| 610 | 2 | 0 | |a firmy |
| 610 | 2 | 0 | |a výrobcovia |
| 610 | 2 | 0 | |a sprostredkovatelia |
| 610 | 2 | 0 | |a spotrebitelia |
| 100 | 1 | |a Vlčková, Katarína | |
| 700 | 1 | |a Daňo, Ferdinand, 1959- | |